Statistics for Acclaimed Music - Top Australian Artists

Click here to take the quiz!

General Stats

  • This quiz has been taken 13 times
  • The average score is 17 of 72

Answer Stats

RankArtist% Correct
2AC/DC
100%
10INXS
92%
9Kylie Minogue
92%
22Men at Work
83%
8Midnight Oil
67%
4Bee Gees
50%
1Nick Cave & The Bad Seeds
50%
15Sia
50%
24Natalie Imbruglia
42%
35Olivia Newton-John
42%
43Silverchair
42%
57Andy Gibb
33%
26Cold Chisel
33%
28Hoodoo Gurus
33%
47Icehouse
33%
31Jet
33%
20Paul Kelly
33%
66Rose Tattoo
33%
3Tame Impala
33%
17The Church
33%
16The Easybeats
33%
11The Saints
33%
62Australian Crawl
25%
23Gotye
25%
29Helen Reddy
25%
40Hunters & Collectors
25%
34Iggy Azalea
25%
25The Vines
25%
72Wolfmother
25%
30Died Pretty
17%
42Dirty Three
17%
33Divinyls
17%
49Flume
17%
65Frank Ifield
17%
19Radio Birdman
17%
63Redgum
17%
45Russell Morris
17%
13The Birthday Party
17%
7The Go-Betweens
17%
36The Seekers
17%
14The Triffids
17%
37Yothu Yindi
17%
21You Am I
17%
50Archie Roach
8%
64Augie March
8%
54Camp Cope
8%
5Courtney Barnett
8%
12Cut Copy
8%
53Daddy Cool
8%
27Empire of the Sun
8%
48Foetus
8%
18Grinderman
8%
58Jagwar Ma
8%
71Jebediah
8%
44John Paul Young
8%
38Julia Jacklin
8%
32King Gizzard & The Lizard Wizard
8%
60Python Lee Jackson
8%
52Rob Dougan
8%
41Rolling Blackouts Coastal Fever
8%
55Stella Donnelly
8%
69Stevie Wright
8%
67Sunnyboys
8%
6The Avalanches
8%
70The Cruel Sea
8%
56The Loved Ones
8%
59The Presets
8%
51The Reels
8%
61The Sleepy Jackson
8%
39The Temper Trap
8%
46Troye Sivan
8%
68Warumpi Band
8%

Score Distribution

Percentile by Number Answered

Percent of People with Each Score

Your Score History

You have not taken this quiz